000 03227nam a22004097a 4500
005 20090102122541.0
010 _a B-349545-549 B-435863-867
020 _c20.00
_a9788184790399
035 _a B-349545-549
035 _aB-435863-867
037 _bप्रथम बुक्स
037 _bब्लयूबेरी
082 _a
100 _a
_931021
245 _aनन्ही कलम से /
_c
246 _a
_b
260 _aनई दिल्ली
_bप्रथम बुक्स
_c2008
270 _aबी-3/4, प्रथम तल, सफदरज़ंग एन्क्लेव
_bनई दिल्ली
_e110 029
_k011-65684113
_l
_mwww.prathambooks.org
300 _a29पृ.;
_c17.5सेमी (अजिल्द)
_bसचित्र
490 _a
_931022
500 _a
700 _a
_931023
710 _aजोशी, मधुबाला
_931024
942 _2ddc
_cCH
_mनन्ही
_h
999 _c21818
_d21818